| 000 | 01301cam a2200325 a 4500 | ||
|---|---|---|---|
| 001 | 15510294 | ||
| 005 | 20221230190959.0 | ||
| 008 | 081104s2010 dcua b 001 0 eng | ||
| 906 |
_a7 _bcbc _corignew _d1 _eecip _f20 _gy-gencatlg |
||
| 925 | 0 |
_aacquire _b2 shelf copies _xAK 2017-06-24 _eclaim1 2010-02-18 |
|
| 955 |
_exh12 2008-11-04 _fxh14 2010-04-20 copy 1-2 to BCCD |
||
| 010 | _a 2008048428 | ||
| 020 | _a9781597265102 (cloth : alk. paper) | ||
| 020 | _a1597265101 (cloth : alk. paper) | ||
| 020 | _a9781597265119 (pbk. : alk. paper) | ||
| 020 | _a159726511X (pbk. : alk. paper) | ||
| 040 |
_aDLC _cDLC _dDLC |
||
| 050 | 0 | 0 |
_aQH75 _b.F68 2010 |
| 082 | 0 | 0 |
_a577 _222 |
| 245 | 0 | 0 |
_aFoundations of ecological resilience / _cedited by Lance H. Gunderson, Craig R. Allen, and C.S. Holling. |
| 260 |
_aWashington : _bIsland Press, _cc2010. |
||
| 300 |
_axxv, 466 p. : _bill., maps ; _c23 cm. |
||
| 504 | _aIncludes bibliographical references (p. 445-449) and index. | ||
| 650 | 0 | _aEcosystem management. | |
| 650 | 0 | _aEcosystem health. | |
| 650 | 0 | _aResilience (Ecology) | |
| 700 | 1 | _aGunderson, Lance H. | |
| 700 | 1 | _aAllen, Craig R. | |
| 700 | 1 | _aHolling, C. S. | |
| 999 |
_c11119 _d11119 |
||